Visualizzazione normale
Vista MARC
- Tamborelli
di Personal Name
Records bibliografici associati: 1
001 - CONTROL NUMBER
- control field: 803
003 - CONTROL NUMBER IDENTIFIER
- control field: IT-RoPau
005 - DATE AND TIME OF LATEST TRANSACTION
- control field: 20131030214405.0
008 - FIXED-LENGTH DATA ELEMENTS
- fixed length control field: 131030|| aca||aabn | a|a d
040 ## - CATALOGING SOURCE
- Original cataloging agency: IT-RoPau
- Transcribing agency: IT-RoPau
100 ## - HEADING--PERSONAL NAME
- Personal name: Tamborelli
- Name of part/section of a work: Posso dire amore a tutti
670 ## - SOURCE DATA FOUND
- Source citation: Work cat.: (IT-RoPau)103972: Paulicelli Michele 788, Forza venite gente (Lp Bl 31608)